000 01718nam a2200409 i 4500
999 _c5444
_d5444
001 ocm014620354
003 Uk
005 20250918102447.0
008 180712s2008 enka e 000 j eng d
020 _a9780194790710
040 _aUk
_beng
_cUk
_erda
_dCaOL
_dKH8
082 _a428.6 DOY
100 1 _aWest, Clare,
_eauthor.
245 1 0 _aSherlock Holmes short stories /
_cSir Arthur Conan Doyle ; retold by Clare West ; [illustrated by Alan Marks]
250 _aSimplified edition.
264 1 _aOxford, [England] :
_bOxford University Press,
_c[2008]
264 4 _c©2008.
300 _a56 pages :
_billustrations ;
_c20 cm.
336 _atext
_2rdacontent.
337 _aunmediated
_2rdamedia.
338 _avolume
_2rdacarrier.
490 1 _aOxford bookworms Library. Crime & mystery. Stage 2.
500 _a"First published in Oxford Bookworms 1989"--Back of title page.
500 _aIncluded in the reader: story and activities.
500 _aIncluded in the reader: story and activities.
505 0 _aThe speckled band -- A scandal in Bohemia -- The five orange pips.
650 0 _aReading comprehension
_vProblems, exercises, etc.
650 0 _aHigh interest-low vocabulary books.
_2genre.
650 0 _aReaders (Adult)
_2genre.
650 0 _aReaders for new literates.
_2genre.
700 1 _iBased on (work):
_aDoyle, Arthur Conan,
_d1859-1930.
_tAdventure of the speckled band.
700 1 _iBased on (work):
_aDoyle, Arthur Conan,
_d1859-1930.
_tScandal in Bohemia.
700 1 _iBased on (work):
_aDoyle, Arthur Conan,
_d1859-1930.
_tFive orange pips.
700 1 _aMarks, Alan,
_d1957-
_eillustrator.
830 0 _aOxford bookworms library.
_pCrime & mystery.
_pStage 2.
942 _2ddc
_cTR